| 000 | 00401nam a2200133Ia 4500 | ||
|---|---|---|---|
| 008 | 210716s1991 xx 000 0 und d | ||
| 041 | _aeng | ||
| 082 | _a006.42 MULT | ||
| 245 |
_aGetting started: a guide to installing and touring toolbook. _bGuide to installing and touring toolbook. |
||
| 250 | _a1 | ||
| 260 |
_aWashington _c1991 |
||
| 300 | _aiv,279 | ||
| 650 | _aGraphics ProgramMultimedia Sys | ||
| 999 |
_c184797 _d184797 |
||